Majú byť všade rovnaké dane ?

Všeobecnejšie súvislosti daňovej konkurencie na jednej strane a koordinácie či harmonizácie daňových systémov na strane druhej. Diskusie o preferovaní priamych alebo nepriamych daní. Kľúčové faktory, ktoré ovplyvňujú daňové systémy. Podstata koordinácie a harmonizácie daní. Nové členské krajiny EÚ...

Description complète

Enregistré dans:
Détails bibliographiques
Auteur principal: Burák, Emil
Format: Chapitre de livre
Langue:slovaque
Sujets:
Tags: Ajouter un tag
Pas de tags, Soyez le premier à ajouter un tag!

MARC

LEADER 00000naa$a2200000$$$4500
001 0025357
005 20231006120423.5
041 0 |a slo 
044 |a SK 
245 1 0 |a Majú byť všade rovnaké dane ?  |c Emil Burák 
520 |a Všeobecnejšie súvislosti daňovej konkurencie na jednej strane a koordinácie či harmonizácie daňových systémov na strane druhej. Diskusie o preferovaní priamych alebo nepriamych daní. Kľúčové faktory, ktoré ovplyvňujú daňové systémy. Podstata koordinácie a harmonizácie daní. Nové členské krajiny EÚ sa znížením daní správajú trhovo a stali sa lákadlom pre investorov. 
610 2 0 |a systémy daňové 
610 2 0 |a Európska únia 
610 2 0 |a konkurencia 
610 2 0 |a dane priame 
610 2 0 |a dane nepriame 
610 2 0 |a harmonizácia 
610 2 0 |a aproximácia práva 
610 2 0 |a dumping 
100 1 |a Burák, Emil